| 000 | 01037cam a2200241 4500 | ||
|---|---|---|---|
| 001 | ABS68842 | ||
| 008 | 050321n2005 000 0 eng u | ||
| 035 | _a(Sirsi) u129117 | ||
| 100 | _aMurdoch, S. | ||
| 245 | _aTaken for granted | ||
| 260 | _c2005 | ||
| 490 |
_aEstates Gazette _v(0509) 5 March 2005, 187(1) |
||
| 520 | _aDiscusses two recent cases where it was difficult to identify who the landlords were in relation to the legal processes taken either by them or against them. The cases were "Scribes West Ltd v Relsa Anstalt" ([2004] EWCA Civ 1744, Abs68651) and "Lodgepower Ltd v Taylor" ([2004] EWCA Civ 1367, Abs68445) | ||
| 590 | _aABS | ||
| 650 | _a RELSA SCRIBES WEST LTD V RELSA ANSTALT | ||
| 650 | _aLODGEPOWER LTD V TAYLOR AND OTHERS | ||
| 650 | _aLEASES | ||
| 650 | _aLAW OF PROPERTY ACT 1925 | ||
| 650 | _aLANDLORD AND TENANTS (COVENANTS) ACT 1995 | ||
| 650 | _aAGRICULTURE (MAINTANANCE, REPAIR AND INSURANCE OF FIXED EQUIPMENT) REGULATIONS 1973 | ||
| 690 | _aLANDLORD AND TENANT-CASE LAW | ||
| 942 | _n0 | ||
| 999 |
_c74956 _d74956 |
||